Statutory valuations (Record no. 104007)
[ view plain ]
| 000 -LEADER | |
|---|---|
| fixed length control field | 01467cam a2200397 4500 |
| 001 - CONTROL NUMBER | |
| control field | L128747 |
| 008 - FIXED-LENGTH DATA ELEMENTS--GENERAL INFORMATION | |
| fixed length control field | 050210n2005 000 0 eng u |
| 020 ## - INTERNATIONAL STANDARD BOOK NUMBER | |
| International Standard Book Number | 072820455X |
| 035 ## - SYSTEM CONTROL NUMBER | |
| System control number | (Sirsi) u128747 |
| 041 ## - LANGUAGE CODE | |
| Language code of text/sound track or separate title | eng |
| 050 ## - LIBRARY OF CONGRESS CALL NUMBER | |
| Classification number | 333.332026 |
| 100 ## - MAIN ENTRY--PERSONAL NAME | |
| Personal name | Baum, Andrew |
| 245 ## - TITLE STATEMENT | |
| Title | Statutory valuations |
| 250 ## - EDITION STATEMENT | |
| Edition statement | 3rd rev. ed. |
| 260 ## - PUBLICATION, DISTRIBUTION, ETC. | |
| Place of publication, distribution, etc. | London |
| Name of publisher, distributor, etc. | Estates Gazette |
| Date of publication, distribution, etc. | 2005 |
| 300 ## - PHYSICAL DESCRIPTION | |
| Extent | xxxiii, 336p |
| Dimensions | 23cm |
| 350 ## - PRICE (NR) (BK AM CF MU VM SE) [OBSOLETE] | |
| Price | 35 |
| 520 ## - SUMMARY, ETC. | |
| Summary, etc. | Examines the effect of legislation and case law on property valuation. Updated to incorporate changes in property law relating to leasehold enfranchisement up to and including the Housing Act 1996. Recommends approaches to valuation problems and interprets the legal framework to these approaches. Includes worked examples of valuations with tables of cases and statutes. Aimed at both students and practitioners. |
| 520 ## - SUMMARY, ETC. | |
| Summary, etc. | Superseded by fourth edition (ISBN 9780728205048). |
| 590 ## - LOCAL NOTE (RLIN) | |
| Local note | NB |
| 590 ## - LOCAL NOTE (RLIN) | |
| Local note | NB |
| 590 ## - LOCAL NOTE (RLIN) | |
| Local note | NB |
| 590 ## - LOCAL NOTE (RLIN) | |
| Local note | NB |
| 590 ## - LOCAL NOTE (RLIN) | |
| Local note | NB |
| 650 ## - SUBJECT ADDED ENTRY--TOPICAL TERM | |
| Topical term or geographic name entry element | PROPERTY-COMMERCIAL PROPERTY |
| 650 ## - SUBJECT ADDED ENTRY--TOPICAL TERM | |
| Topical term or geographic name entry element | COMPENSATION |
| 650 ## - SUBJECT ADDED ENTRY--TOPICAL TERM | |
| Topical term or geographic name entry element | Compulsory purchase |
| 9 (RLIN) | 6228 |
| 650 ## - SUBJECT ADDED ENTRY--TOPICAL TERM | |
| Topical term or geographic name entry element | LEASEHOLD REFORM |
| 650 ## - SUBJECT ADDED ENTRY--TOPICAL TERM | |
| Topical term or geographic name entry element | PROPERTY-RESIDENTIAL PROPERTY-RESIDENTIAL LANDLORD AND TENANT-RESIDENTIAL TENANCIES |
| 650 ## - SUBJECT ADDED ENTRY--TOPICAL TERM | |
| Topical term or geographic name entry element | Valuation |
| 9 (RLIN) | 6273 |
| 650 ## - SUBJECT ADDED ENTRY--TOPICAL TERM | |
| Topical term or geographic name entry element | RESIDENTIAL PROPERTY |
| 9 (RLIN) | 6266 |
| 690 ## - LOCAL SUBJECT ADDED ENTRY--TOPICAL TERM (OCLC, RLIN) | |
| Topical term or geographic name as entry element | PROPERTY-PROPERTY APPRAISAL AND VALUATION |
| 700 ## - ADDED ENTRY--PERSONAL NAME | |
| Personal name | Sams, Gary |
| 942 ## - ADDED ENTRY ELEMENTS (KOHA) | |
| Suppress in OPAC | 0 |
| Withdrawn status | Lost status | Source of classification or shelving scheme | Damaged status | Not for loan | Home library | Current library | Shelving location | Date acquired | Cost, normal purchase price | Total Checkouts | Full call number | Barcode | Date last seen | Copy number | Cost, replacement price | Price effective from | Koha item type |
|---|---|---|---|---|---|---|---|---|---|---|---|---|---|---|---|---|---|
| Dewey Decimal Classification | London | London | Basement | 28/02/2005 | 29.75 | SHELF 301 | 30067438 | 06/08/2019 | 2 | 29.75 | 06/08/2019 | Reference material |